Find the Countries of Africa by Capital Quiz Stats

 Plays Quiz Updated Jul 2, 2018

Score 0/54 Timer 06:00
69 Plays Today
% Correct
Cairo,
Egypt
87.9%
Algiers,
Algeria
86.7%
Tunis,
Tunisia
85.3%
Pretoria,
South Africa
84.7%
Tripoli,
Libya
82.8%
Djibouti, Djibouti
81.9%
Addis
Ababa,
Ethiopia
80.8%
Rabat,
Morocco
80.5%
Nairobi,
Kenya
79.4%
São Tomé, São Tomé and Príncipe
77.2%
Khartoum,
Sudan
76.8%
Mogadishu,
Somalia
76.1%
Windhoek,
Namibia
74.4%
Antananarivo,
Madagascar
74.1%
Kinshasa,
DRC
71.8%
Bissau,
Guinea-Bissau
69.4%
Dakar,
Senegal
68.4%
Juba,
South Sudan
67.8%
Ouagadougou,
Burkina Faso
65.7%
Harare,
Zimbabwe
65.5%
Abuja,
Nigeria
65.5%
Brazzaville,
Rep. of the Congo
65.3%
Accra,
Ghana
65.3%
N'Djamena,
Chad
64.9%
Luanda,
Angola
64.1%
Freetown,
Sierra Leone
63.6%
Niamey,
Niger
62.8%
% Correct
Kampala,
Uganda
62.1%
Monrovia, Liberia
61.3%
Victoria,
Seychelles
61%
Asmara,
Eritrea
60%
Yaoundé,
Cameroon
59.2%
Praia,
Cabo Verde
58.8%
Nouakchott,
Mauritania
58.8%
Lomé, Togo
58.7%
Lilongwe,
Malawi
58.1%
Maputo,
Mozambique
58.1%
Gaborone,
Botswana
57.8%
Dodoma,
Tanzania
57.7%
Bamako,
Mali
57.2%
Yamoussoukro
Cote d'Ivoire
56.9%
Port Louis,
Mauritius
56.8%
Kigali, Rwanda
56.6%
Conakry,
Guinea
56.2%
Porto,
Novo,
Benin
56.1%
Libreville, Gabon
54.3%
Lusaka,
Zambia
54.1%
Bangui, CAR
53.4%
Bujumbura,
Burundi
53.1%
Mbabane, eSwatini
50.3%
Moroni,
Comoros
49.5%
Maseru, Lesotho
48.1%
Banjul, The Gambia
43.4%
Malabo, Equatorial Guinea
42.5%

You're not logged in!

Compare scores with friends on all Sporcle quizzes.
OR
Log In

You Might Also Like...

Show Comments

Extras

Top Quizzes Today


Score Distribution

Your Account Isn't Verified!

In order to create a playlist on Sporcle, you need to verify the email address you used during registration. Go to your Sporcle Settings to finish the process.

Report this User

Report this user for behavior that violates our Community Guidelines.

Details: